000 00513nam a2200193Ia 4500
005 20220930120133.0
008 131103s9999 xx 000 0 und d
040 _aLoreto College
041 _aEnglish
082 _a150
_bHOL
245 _aContemporary psychology
_b an introduction
_cedited by Clive R. Hollin
260 _aLondon
_bTaylor & Francis
_c1995
300 _axi,276p
504 _aInclude index
650 _aPsychology
700 _aHollin, Clive R., ed.
850 _aLCLIB
942 _cBK
999 _c18824
_d69303